[Event "Tashkent FIDE GP 2nd"]
[Site "Tashkent"]
[Date "2012.12.03"]
[Round "10"]
[White "Morozevich, Alexander"]
[Black "Leko, Peter"]
[Result "1-0"]
[WhiteElo "2748"]
[BlackElo "2732"]
[Annotator "Ftacnik,L"]
[PlyCount "83"]
[EventDate "2012.11.22"]
[EventType "tourn"]
[EventRounds "11"]
[EventCountry "UZB"]
[EventCategory "20"]
[SourceTitle "CBM 152"]
[Source "ChessBase"]
[SourceDate "2013.01.15"]
[SourceVersion "1"]
[SourceVersionDate "2013.01.15"]
[SourceQuality "1"]

1. c4 c5 2. Nf3 Nf6 3. Nc3 Nc6 4. d4 cxd4 5. Nxd4 e6 6. g3 Qb6 {There are
substantial differencies in the art of fighting against the fianchetto of
White's g2-bishop in various openings. In this famous line of the English
Opening Black is trying to get enough counterplay with the help of pressure
along the dark squares.} 7. Nb3 Ne5 8. e4 Bb4 9. Qe2 d6 10. Bd2 {Like all
great players Morozevich is also working hard on searching ideas in openings.
His choice of a lesser played alternative instead of the main line 10.f4 has a
profound meaning.} a5 {Leko is famous for being very well versed in openings,
in each line he tries to know the most promising continuation. In this
position advance of a pawn has a better score than the two other black moves.}
(10... O-O) (10... Bd7) 11. f4 (11. Nb5 Bxd2+ (11... Bd7 12. Bxb4 (12. f4 Ng6
13. Bxb4 axb4 (13... Bxb5 14. Bc3 $14) 14. Nxd6+ Qxd6 15. e5 Qe7 16. exf6 Qxf6
17. Bg2 Bc6 $11) 12... axb4 13. f4 Ng6 $11) 12. Nxd2 Bd7 13. f4 Ng6 14. e5 (14.
Nxd6+ Qxd6 15. e5 Qb4 16. exf6 gxf6 17. O-O-O Ba4 $1 $11) 14... dxe5 15. fxe5
Bxb5 16. cxb5 (16. exf6 Bc6 17. fxg7 Rg8 $17) 16... Nd7 17. Nc4 Qc5 18. Nd6+
Ke7 $15) 11... Nc6 {Cheparinov is an insider of the Topalov opening kitchen,
so it makes sense to take his test of the alternative move 11...Ng6 seriously.
Objectively speaking the knight should be better placed on the c6-square.} (
11... Ng6 12. Bg2 a4 13. Be3 (13. Nb5 Bxd2+ 14. Nxd2 Bd7 15. e5 Bxb5 16. cxb5
dxe5 17. Nc4 Qc5 (17... Qc7 18. Bxb7 Rd8 19. Bc6+ Nd7 20. fxe5 $16) 18. Bxb7
Rd8 19. Bc6+ Nd7 20. Nxe5 Ngxe5 21. Qxe5 Qxe5+ 22. fxe5 Ke7 $44) 13... Qc7 14.
Nd4 Bxc3+ 15. bxc3 Bd7 16. O-O O-O 17. Rab1 Rac8 18. c5 dxc5 19. Nb5 Bxb5 20.
Qxb5 $14 {0-1 Ivanov,J (2406)-Cheparinov,I (2555)/Zaragoza 2004 (49)}) 12. Be3
{White is in fact coming back to the main line of the system, but it is
impossible to ignore one significant difference. Black has already played the
move a7-a5, thus weakening the control of the b6- and b5-squares.} (12. Na4
Bxd2+ 13. Qxd2 (13. Nxd2 Qa7 14. Qf2 Nd4 15. Nf3 e5 16. Nxd4 Ng4 17. Qf3 exd4
18. c5 O-O 19. Rc1 Ne3 20. f5 dxc5 21. Nxc5 Qb6 22. Qe2 Qh6 23. Qd2 b6 24. Nd3
Re8 $19 {0-1 L'Ami,E (2577)-Volokitin,A (2678)/Germany 2007}) 13... Qb4 14.
Qxb4 Nxb4 15. Rd1 $1 Nxe4 $6 (15... Ke7 $1 16. a3 Nc6 17. Nb6 Ra7 18. Bg2 a4
19. Nd4 Nxd4 20. Rxd4 e5 $11) 16. Bg2 Nc5 (16... d5 17. Nb6 $16) 17. Nbxc5 dxc5
18. a3 Nc6 (18... Na6 19. Nb6 Rb8 20. Nxc8 Rxc8 21. Bxb7 $18) 19. Nxc5 $16 {
1-0 Huzman,A (2575)-Tsesarsky,I (2430)/Ramat Aviv 1999/ (42)}) (12. O-O-O a4
13. Be3 Qd8 14. Nd2 (14. Nd4 a3 $1 (14... Bxc3 $6 15. bxc3 Nxe4 16. Nb5 Qa5 17.
Qc2 f5 18. Bg2 d5 19. Bxe4 fxe4 20. Bc5 $14) 15. Ndb5 axb2+ 16. Qxb2 Qa5 17.
Nb1 O-O 18. a3 Bc5 19. Bxc5 dxc5 20. e5 Nd7 $132) 14... a3 15. Ndb1 axb2+ 16.
Qxb2 Qe7 17. a3 Ba5 $17) 12... Qc7 (12... Qd8 13. Nd2 e5 14. Nd5 Bc5 15. fxe5
Nxe5 16. Bxc5 dxc5 17. Bg2 O-O 18. O-O Bg4 19. Qe3 Nfd7 20. Qc3 f6 21. Rf2 Re8
22. Nf1 Nc6 23. Nfe3 Nde5 $11 {1/2-1/2 Croberson (2431)-Alexisco (2519)/
playchess.com INT 2008 (45)}) 13. Bg2 (13. Bd2 a4 14. Nb5 Qb6 15. Bxb4 Nxb4 16.
N3d4 e5 17. Nf3 Bg4 18. Bg2 O-O 19. Rd1 (19. f5 d5 20. cxd5 Nbxd5 21. exd5 e4
$17) 19... exf4 20. gxf4 Nxe4 $17) (13. Nd2 Bxc3 14. bxc3 b6 15. Rb1 Rb8 16. g4
Ba6 17. g5 Nd7 18. h4 Ne7 19. Qf2 O-O 20. Rh3 {1-0 Abbasov,F (2552)-Ninov,N 
(2515)/La Fere 2008 (40)} f6 $15) 13... a4 14. Nd2 Bxc3 {Morozevich has
prepared a good counter-blow to the move 14...a3, so Leko consents to the
transposition to a position similar to the main line.} (14... a3 15. Nb5 $14)
15. bxc3 b6 (15... O-O 16. c5 d5 17. O-O Rd8 18. e5 Nd7 19. Qh5 Ra5 20. g4 f6
21. exf6 Nxf6 22. Qh4 d4 23. cxd4 Nxd4 $11 {1-0 D'Costa,L (2411)-Edouard,R 
(2531)/Palma de Mallorca 2008 (33)}) 16. Rb1 Nd7 {In my understanding of chess
this move suffers from one drawback, that tends to somewhat discredit it. The
defender had to keep the knight on f6 as long as possible, even though it is
possible to push it away with the move g4-g5. The voluntary retreat has
enabled White to put even more pressure against the g6-square.} (16... Rb8 17.
O-O O-O 18. g4 Ba6 $14) 17. Qf2 Rb8 18. O-O O-O 19. g4 Ba6 (19... f6 20. Qh4
Nc5 21. Rf3 Bd7 $13) 20. Qh4 {It is a well known truth in this line, that
Black will be facing a dangerous mechanism in the form of the battery Qh4, Rh3.
Nobody can doubt, that Leko is facing the danger of annihilation, but Black is
definitely not without chances. He can surely try to win the c4-pawn and also
regroup his pieces in the style of the Scheveningen.} Rfe8 (20... Na5 21. Rf3 (
21. g5 Nxc4 22. Nxc4 Qxc4 23. Rf3 Qxe4 $17) 21... Nxc4 22. Rh3 h6 23. Nxc4 Qxc4
24. g5 Qxa2 25. Rd1 $40) 21. Rf3 Nf8 22. Rh3 b5 $6 {The Hungarian star never
got to act forcefully against the c4-pawn, any other form of counterplay is
unfortunately too meek.} (22... Na5 23. Rb4 Nxc4 24. Nxc4 Bxc4 25. a3 $13) 23.
e5 $5 {Morozevich is following the golden rule propagated already by
Capablanca: choose a plan and try to be consistent in its realisation! Much
more important than material is the ambition of the white pieces to get closer
to the enemy king.} (23. c5 dxc5 (23... e5 24. f5 b4 25. cxb4 Rxb4 26. f6 $14)
24. e5 b4 25. Be4 h6 26. cxb4 Rxb4 27. g5 Ng6 $13) 23... dxe5 $2 (23... bxc4
24. Be4 g6 25. exd6 Qxd6 26. Rd1 f5 $14) 24. Be4 h6 (24... g6 25. f5 $1 $16)
25. f5 f6 (25... bxc4 26. Bxh6 Rxb1+ 27. Bxb1 f6 28. Be3 Kf7 (28... Rb8 29. g5
$18) 29. Ne4 $18) 26. Bxh6 $1 {[%mdl 128] The demolition of the kingside pawn
structure comes in on time and represents the logical continuation of the
attack.} gxh6 (26... bxc4 27. Be3 Rxb1+ 28. Bxb1 $18) 27. Qxh6 Qa7+ {This
surprising move has the flair of the "revenge check". Leko is trying to force
the white knight to retreat to a square, where it will be more accessible for
Black.} (27... Qg7 28. Bxc6 Qxh6 29. Rxh6 Red8 30. Ne4 b4 (30... bxc4 31. Nxf6+
Kg7 32. Rxb8 Rxb8 33. g5 exf5 34. Bd5 $18) 31. Rxb4 Rxb4 32. cxb4 Bxc4 33.
Nxf6+ Kg7 34. g5 exf5 35. Ne8+ Kg8 36. Rd6 Rxd6 37. Nxd6 Bxa2 38. Bxa4 $18) (
27... bxc4 $2 28. Qh8+ Kf7 29. Rh7+ $18) (27... Kf7 28. Qh7+ Nxh7 29. Rxh7+ Kf8
30. Rxc7 $18) 28. Kg2 Qg7 29. Bxc6 Qxh6 30. Rxh6 {The defender has survived
the worst phase of White's attack, but he had to accept the loss of a pawn and
continuing initiative of the enemy.} Red8 31. Ne4 Kg7 $6 {The king move leaves
the taste of something false. In case Black will not manage to force White
into anything unnatural then there must have been a better solution. The best
chance for counterplay was hidden in the advance 31...b4!} (31... b4 $1 32.
Rxb4 (32. fxe6 Nxe6 33. Bd5 Kg7 34. Rxf6 Nf4+ 35. Rxf4 exf4 36. cxb4 Bxc4 37.
Bxc4 Rd4 $14) 32... Rxb4 33. cxb4 Bxc4 34. a3 $1 (34. Nxf6+ Kg7 35. g5 Rd2+
$132) 34... Kg7 35. Rxf6 Rd3 36. h4 exf5 37. gxf5 Rxa3 38. h5 Ra2+ 39. Kg3 $16)
32. Rxf6 Rdc8 (32... exf5 33. gxf5 bxc4 34. Rg1 $1 $18) (32... bxc4 33. Rxb8
Rxb8 34. fxe6 $18) 33. cxb5 Rxc6 34. bxc6 Rxb1 35. fxe6 {With this move
Morozevich has come close to the full triumph. He has 4 pawns for the piece
and two of those are very close to the promotion squares.} Bd3 (35... Nxe6 36.
Rxe6 Bc8 37. Rxe5 Ra1 38. Kf3 Rxa2 39. Re8 $18) 36. e7 {White was nearly
certainly suffering from the lack of that precious commodity - time! Under
ideal conditions he could have evaluated this fascinating position a bit more
precisely and played more exact moves.} (36. Rf7+ Kg6 37. c7 Bxe4+ (37... Nxe6
38. c8=Q Bxe4+ 39. Rf3 $18) 38. Rf3 $1 (38. Kg3 Nxe6 39. c8=Q Kxf7 $14) 38...
Nxe6 39. c8=Q Ng5 (39... Nf4+ 40. Kg3 Rg1+ 41. Kh4 Bxf3 42. Qf5+ Kg7 43. Qxe5+
Kg6 44. Qd6+ Kh7 45. Qxf4 $18) 40. Qe8+ Kg7 41. Qxe5+ Kh6 42. Qh8+ Nh7 43. g5+
Kxg5 44. Qe5+ $18) 36... Bxe4+ 37. Kg3 (37. Kf2 $1 Ne6 38. e8=N+ Kg8 39. Rxe6
$18) 37... Ng6 (37... Nh7 38. c7 $1 (38. e8=Q Rg1+ 39. Kf2 Rg2+ 40. Kf1 Nxf6
41. Qe7+ Kg6 42. c7 Nxg4 43. Qe8+ Kh6 44. Qh8+ Kg5 45. c8=Q $18) 38... Nxf6 39.
c8=Q Kf7 40. e8=Q+ Nxe8 41. Qc4+ Ke7 42. Qxe4 $18) (37... Ne6 38. e8=N+ Kg8 39.
Rxe6 $18) 38. e8=Q Kxf6 39. Qd8+ $6 {The nerves before the very end somewhat
spoils the beautiful game. Fortunately for White Leko was also not rich in
time and thus failed to spot the setup that would enable him to stop the
c-pawn. White would have had to work much harder for his win after 39...Ne7.} (
39. c7 $1 Bb7 (39... Rg1+ 40. Kf2 Rg2+ 41. Ke3 $18) 40. c8=Q Bxc8 41. Qxc8 $18)
39... Kf7 (39... Ne7 40. c7 Bb7 41. Qd6+ Kf7 42. Qc5 $18) 40. c7 Rb2 41. Qd7+
Kf6 42. g5+ {A small combination at the very end, the bishop on e4 will be
lost. An energetic attacking game against a legendary defender sent Morozevich
to the top of the event again.} (42. g5+ Kxg5 43. Qg4+ Kf6 44. Qxe4 $18) 1-0

[Event "Interpolis-02"]
[Site "Tilburg"]
[Date "1978.09.03"]
[Round "3"]
[White "Huebner, Robert"]
[Black "Sosonko, Gennadi"]
[Result "1/2-1/2"]
[WhiteElo "2595"]
[BlackElo "2575"]
[Annotator "Ftacnik,L"]
[PlyCount "30"]
[EventDate "1978.09.01"]
[EventType "tourn"]
[EventRounds "11"]
[EventCountry "NED"]
[EventCategory "14"]
[SourceTitle "MCL"]
[Source "ChessBase"]
[SourceDate "1999.07.01"]
[SourceVersion "1"]
[SourceVersionDate "1999.07.01"]
[SourceQuality "1"]

1. c4 c5 2. Nc3 Nc6 (2... g6) 3. Nf3 Nf6 4. d4 (4. e3) (4. g3) 4... cxd4 5.
Nxd4 e6 6. g3 Bc5 (6... Bb4 $5) (6... Ne5 $5) (6... Qb6 7. Nb3 Ne5 (7... Bb4 8.
Bg2 Qa6 $5 {Korchnoi-Spassky, m (5) Belgrade 1977}) 8. e4 Bb4 9. Qe2 O-O 10. f4
Nc6 11. Be3 $14 {Korchnoi-Spassky, m (3) Belgrade 1977}) 7. Nb3 Bb4 8. Bg2 d5
9. cxd5 (9. O-O dxc4 10. Nd2 O-O 11. Nxc4 Qe7 12. Be3 $14 {Portisch-Parma,
Teeside 1972}) 9... Nxd5 10. a3 Bxc3+ 11. bxc3 O-O (11... Qf6 $6 12. Qc2 O-O
13. c4 Nde7 14. Bb2 e5 15. O-O $14 {Korchnoi-Darga, Siegen (ol) 1970}) 12. Qc2
Qc7 13. c4 Ne5 14. Nd2 b5 15. c5 Bb7 (15... Bb7 16. O-O Rac8 $6 {
Korchnoi-Spassky, m (1) Belgrade 1977} (16... Rfc8 $1 $15)) 1/2-1/2

[Event "Interpolis-01"]
[Site "Tilburg"]
[Date "1977.09.24"]
[Round "2"]
[White "Karpov, Anatoly"]
[Black "Miles, Anthony John"]
[Result "1-0"]
[WhiteElo "2690"]
[BlackElo "2555"]
[Annotator "Ftacnik,L"]
[PlyCount "49"]
[EventDate "1977.09.23"]
[EventType "tourn"]
[EventRounds "11"]
[EventCountry "NED"]
[EventCategory "14"]
[SourceTitle "MCL"]
[Source "ChessBase"]
[SourceDate "1999.07.01"]
[SourceVersion "1"]
[SourceVersionDate "1999.07.01"]
[SourceQuality "1"]

1. c4 c5 2. Nf3 Nf6 3. Nc3 Nc6 4. d4 cxd4 5. Nxd4 e6 6. g3 Qb6 7. Nb3 Ne5 {
/\ 8...Qc6} 8. e4 $8 Bb4 9. Qe2 a5 $5 10. Be3 (10. f4 $6 a4 $1 (10... Neg4 $2
11. e5 a4 12. exf6 axb3 13. fxg7 Rg8 14. Bd2 $16) 11. Nd2 (11. fxe5 axb3 12.
exf6 (12. a3 Nxe4 13. Qxe4 Bxc3+ 14. bxc3 b2 $17) 12... Rxa2 $1 {/\ 13...Bc3-+}
) 11... Neg4 12. e5 Ne3 13. exf6 (13. Qd3 Nfg4 14. Nde4 d5 $1 $17) 13... Nc2+
14. Kd1 Ne3+ 15. Ke1 Nc2+ $10) 10... Qc6 (10... Qc7 11. Bd2 $1) 11. f3 O-O 12.
Nd4 Qa6 (12... Bxc3+ 13. bxc3 Qa4 14. f4 Neg4 15. e5 Nxe3 16. Qxe3 (16. exf6
Nf5 (16... Nxf1 $2 17. Qg4 $1 g6 18. Qg5 {/\ 19.Qh6+-}) 17. fxg7 $16) 16... Ne8
17. Nb5 $16) 13. Ndb5 d5 $8 14. Nc7 Qd6 (14... Qc6 15. Nxa8 Nxc4 (15... dxe4
16. O-O-O exf3 (16... Nd3+ 17. Rxd3 exd3 18. Qxd3 $16) 17. Qc2 $16) 16. Bd4 {
/\17.e5} (16. a3 $5) 16... e5 17. exd5 Nxd5 (17... Qxd5 $2 18. O-O-O $18) 18.
Qxc4 exd4 19. Qxc6 (19. O-O-O $6 Qh6+ 20. f4 Ne3 21. Qxd4 Nxd1 22. Nxd1 $2 (22.
Kxd1 Bg4+ {/\ 23...Ra8+/-}) (22. Qxd1 Bxc3 23. bxc3 Qc6 $16) 22... Qc6+ $19)
19... bxc6 20. a3 dxc3 21. axb4 cxb2 22. Rb1 axb4 23. Rxb2 Bf5 24. Nb6 (24. Bc4
Rxa8 25. Bxd5 Ra1+ $1) 24... Nxb6 25. Rxb4 $16 {_|_ Karpov}) 15. Nxa8 dxe4 (
15... d4 $2 16. O-O-O d3 (16... Bxc3 17. bxc3 Qa3+ 18. Qb2 Qxb2+ 19. Kxb2 dxe3
20. Be2 $18) 17. Rxd3 $1 $18) (15... dxc4 16. Rd1 $3 Nd3+ 17. Rxd3 cxd3 18.
Qxd3 $18) (15... Nxc4 $5 16. a3 $5 Nxa3 (16... Nxe3 $2 17. axb4 d4 18. bxa5) (
16... Bc5 17. e5 $1) 17. Rxa3 d4 (17... Bxa3 18. bxa3 Qxa3 19. Bd4 $18) 18. Bd2
dxc3 (18... Bxa3 $2 19. Nb5 $18) 19. Rxc3 Bxc3 20. Bxc3 Nd7 21. Qe3 {/\ 22.
Qd4+- Karpov}) 16. fxe4 Nxe4 17. Rd1 $1 Qc6 (17... Nxc3 18. bxc3 Bxc3+ 19. Kf2
$18) 18. Bg2 (18. Bd2 Nxc3 (18... Ng5 19. Bg2 Ngf3+ 20. Kf2 Nd4 21. Qxe5) 19.
bxc3 Nf3+ 20. Kf2 Nd4 21. cxd4 Qxh1 22. Bg2 Qxh2 23. Rh1 $18) 18... Nxc4 19.
Bd4 (19. Bd2 $2 Ncxd2 20. Rxd2 Nxc3 $19) 19... Bxc3+ 20. bxc3 f5 21. O-O Ncd6 (
21... b5 22. Bxe4 fxe4 23. Rxf8+ Kxf8 24. Qf2+ $18) 22. Nb6 e5 23. Nxc8 Rxc8
24. Bxe5 Qc5+ 25. Bd4 (25. Bd4 Nxc3 26. Qe6+ $18) 1-0